| 000 | 00519cam a22002171 4500 | ||
|---|---|---|---|
| 001 | sa 63003956 | ||
| 003 | DLC | ||
| 005 | 20260227111945.0 | ||
| 008 | 940813s1962 ii 000 1 maro | ||
| 010 | _asa 63003956 | ||
| 035 | _a(OCoLC)30946739 | ||
| 040 |
_aDLC _cCU _dCU _dDLC |
||
| 042 | _apremarc | ||
| 050 | 0 | 0 |
_aPK2418.J59 _bR6 |
| 100 | 1 |
_aJoshi, Ramachandra Krishna, _d1924- |
|
| 245 | 1 | 0 | _aṚṇānubandha. |
| 260 | _c[1962] | ||
| 300 |
_a177 p. _c19 cm. |
||
| 500 | _aIn Marathi. | ||
| 500 | _aA novel. | ||
| 999 |
_c55386 _d55386 |
||